Tough female characters in action movies - Statistics

General Stats
  • This quiz has been taken 93 times
    65 since last reset
  • The average score is 10 of 20
Answer Stats
Movie clue Character Name Actress % Correct
Treasure hunter seeking secret artefact Lara Croft Angelina Jolie
95%
Officer on spaceship battles voracious aliens Ellen Ripley Sigourney Weaver
82%
Costumed feline vigilante was once secretary of Gotham city businessman Catwoman Michelle Pfeiffer
77%
NSA operative assists famous MI6 agent in capturing villain intent on provoking nuclear war Giacinta 'Jinx' Johnson Halle Berry
73%
Royal space rebel leads alliance against evil empire Princess Leia Organa Carrie Fisher
71%
Blue mutant with ability to morph into any shape or person Mystique Rebecca Romijn, Jennifer Lawrence
66%
Contract killer avenges her ostensive death The Bride Beatrix Kiddo Uma Thurman
64%
Mother-to-be fights time-travelling robot who is out to kill her Sarah Connor Linda Hamilton
61%
Undercover agent working as assistant for superhero Black Widow Scarlett Johansson
54%
Computer programmer helps free humans from virtual reality Trinity Carrie-Anne Moss
52%
Young girl is trained by professional assassin to avenge her parents' murder (same director again) Mathilda Natalie Portman
50%
Fuel rig-driver in postapocalyptic wasteland frees wives from polygamous tyrant Imperator Furiosa Charlize Theron
45%
Governor's daughter turns to piracy Elizabeth Swann Keira Knightley
43%
Private investigators working for never-seen millionaire Alex Munday, Dylan Sanders, Natalie Cook Lucy Liu, Cameron Diaz, Drew Barrymore
36%
Humanoid is last hope for earth survival (same director as above film) Leeloo Mila Jovovich
27%
Desert commune inhabitant fights in armoured vehicle over scarce water supply Tank Girl Lori Petty
21%
Sword-wielding warrior takes vengeance on evil queen for killing her family Red Sonja Brigitte Nielsen
20%
African-American nurse takes revenge on mob for sister's drug dependency Coffy Pam Grier
16%
Drug addict delinquent is trained to become government assassin Nikita Anne Parillaud
11%
NYC policewoman is accused of killing unarmed man Megan Turner Jamie Lee Curtis
9%
No matching quizzes found
Score Distribution
Percent of People with Each Score
Percentile by Number Answered
Your Score History
You have not taken this quiz since the last reset